00416nam a2200121Ia 4500008004100000100002200041245007800063245002200141260003900163650001800202650001500220856005900235170221s9999 xx 000 0 und d aEgidijus Vareikis aProblem of “Dinosauring” of European Union and Mapping of Its Future  cEgidijus Vareikis bStudies in Media and Communication xCommunication xMedia Arts uhttp://redfame.com/journal/index.php/smc/issue/view/61